| 000 | 00994nam0a22002411 4500 | ||
|---|---|---|---|
| 001 | rc\4717945 | ||
| 005 | 20260407080628.0 | ||
| 021 |
_aRU _bРг4345-62 |
||
| 035 | _a(NLR Aleph) 008439906 | ||
| 090 |
_a9471343 _c9471343 |
||
| 100 | _a20130416d1962 |||y0rusy50 ca | ||
| 101 | 0 | _arus | |
| 102 | _aRU | ||
| 105 | _ay z ||||| | ||
| 200 | 1 |
_aКлассификация ремонтов и технические условия на капитальный ремонт струга-снегоочистителя (временные) _eУтв. 26/X 1961 г. _fСССР. МПС. Гл. упр. пути и сооружений. Проектно-конструкторское бюро |
|
| 210 |
_aМосква _cБ. и. _d1962 |
||
| 215 |
_a[1], 30 с. _d28 |
||
| 710 | 0 | 1 |
_aСССР _bГлавное управление пути и сооружений _3RU\NLR\AUTH\886270 _9284338 |
| 801 | 0 |
_aRU _bNLR _gpsbo |
|
| 801 | 1 |
_aRU _bELAR _2rusmarc |
|
| 852 |
_aNLR _j62-8/1254 |
||
| 942 | _cBOOK | ||
| 980 | _aNB | ||